Установка для исследования электрофизических характеристик полупроводников; Материалы научно-практической конференции "Методы исследования в химии и химической технологии" (Томск, 20-22 мая 1986 г.)

Bibliographische Detailangaben
Parent link:Материалы научно-практической конференции "Методы исследования в химии и химической технологии" (Томск, 20-22 мая 1986 г.).— 1986.— С. 108-111
1. Verfasser: Шустов М. А. Михаил Анатольевич
Zusammenfassung:Деп. в ОНИИТЭХим г. Черкассы 03.09.86, № 1075-ХП-86
В фонде НТБ ТПУ отсутствует
Sprache:Russisch
Veröffentlicht: 1986
Schlagworte:
Format: Buchkapitel
KOHA link:https://koha.lib.tpu.ru/cgi-bin/koha/opac-detail.pl?biblionumber=594282

MARC

LEADER 00000naa0a2200000 4500
001 594282
005 20250203162004.0
029 0 0 |a SU  |b 1075-ХП-86  |f ОНИИТЭХим 
035 |a (RuTPU)RU\TPU\tpu\8707 
035 |a RU\TPU\tpu\8706 
090 |a 594282 
100 |a 20020530d1986 k||y0rusy50 ca 
101 0 |a rus 
102 |a RU 
200 1 |a Установка для исследования электрофизических характеристик полупроводников  |f М. А. Шустов 
300 |a Деп. в ОНИИТЭХим г. Черкассы 03.09.86, № 1075-ХП-86 
333 |a В фонде НТБ ТПУ отсутствует 
463 |t Материалы научно-практической конференции "Методы исследования в химии и химической технологии" (Томск, 20-22 мая 1986 г.)  |o секция "Методы исследования химических реакций в твердых неорганических веществах"  |v С. 108-111  |d 1986 
610 1 |a труды учёных ТПУ 
610 1 |a депонированные рукописи 
700 1 |a Шустов  |b М. А.  |c специалист в области электротехники  |c профессор Томского политехнического университета, доктор технических наук  |f 1952-  |g Михаил Анатольевич  |3 (RuTPU)RU\TPU\pers\30571 
801 2 |a RU  |b 63413507  |c 20130910  |g PSBO 
942 |c BK